| 000 | 00502nam a2200181 i 4500 | ||
|---|---|---|---|
| 001 | 19072 | ||
| 003 | ES-MaACL | ||
| 005 | 20230906152006.0 | ||
| 007 | t| | ||
| 008 | 020603s1990 ag ||||1| spa d | ||
| 080 | _a821.134.2(82)-14"19" | ||
| 100 | 1 |
_aMolina, Gilberto. _981889 |
|
| 245 | 1 | 3 |
_aLa cátedra de Montesquinza / _cGilberto Molina. |
| 250 | _a1ª ed. | ||
| 260 |
_aCórdoba, Argentina : _bPampa de Olaen, _c1990. |
||
| 300 |
_a21 p. ; _c21 cm. |
||
| 852 |
_aES-MaACL _j2168-F-20 _bR.119075 |
||
| 999 |
_c19072 _d19072 |
||